UEFA Champions League Multiple Choice #1 - Statistics

General Stats
  • This quiz has been taken 58 times
  • The average score is 11 of 15
Answer Stats
Question Answer % Correct
Who is the current all-time top goal scorer in the champions league? Cristiano Ronaldo
94%
Five english sides have won the competition. Liverpool, Man Utd, Chelsea and which other two sides? Nottingham Forest & Aston Villa
94%
As manager of which side did Jose Mourinho win his first champions league title? FC Porto
91%
Which Romanian side won the European Cup in 1986? Steaua București
91%
Who scored the winning goal in the 1999 champions league final at the Nou camp? Ole Gunnar Solskjaer
83%
Who scored twice in the 2018 final between Real Madrid and Liverpool? Gareth Bale
81%
Who is the only manager to have succeeded in winning the competition three consecutive times? Zinedine Zidane
81%
Which Italian side has ended up being the runner up on 7 different occasions? The most by any club Juventus
68%
Who is the youngest player to score a DEBUT champions league hat-trick? Wayne Rooney
60%
Who is currently the only player to have won the champions league with 3 different teams? Clarence Seedorf
58%
In what year was the European Cup rebranded as the 'Champions League'? 1992
55%
Which stadium has hosted the most finals? Wembley Stadium
55%
Real Madrid are the most successful team in the competition. How many titles have they won? 13
49%
Which coach holds the record for most 'appearances' in the competition with 190 games? Sir Alex Ferguson
49%
Which goalkeeper holds the record for most appearances in the champions league? Iker Casillas
45%
No matching quizzes found
Score Distribution
Percent of People with Each Score
Percentile by Number Answered
Your Score History
You have not taken this quiz